La iglesia y los profetas

I tiakina i:
Ngā taipitopito rārangi puna kōrero
Kaituhi matua: Sicre Díaz, José Luis (Author)
Hōputu: Pukapuka
Reo:Pāniora
I whakaputaina: Córdoba El Almendro 1989
Rangatū:En Torno al Nuevo Testamento, 5
Ngā marau:
Ngā Tūtohu: Tāpirihia he Tūtohu
Kāore He Tūtohu, Me noho koe te mea tuatahi ki te tūtohu i tēnei pūkete!

MARC

LEADER 00000nam a2200000 a 4500
001 UCY0103
003 CL-VaPUC
008 940712e19890000SP |||||||||||||||||spa|d
082 0 4 |a 224  |b SIC  |2 21 
100 0 |a Sicre Díaz, José Luis  |e author  |9 327707 
245 1 3 |a La iglesia y los profetas 
300 |a 143 p 
942 |c BK 
945 |d 19940712 00:00:00  |a aalvarez 
260 |a Córdoba  |b El Almendro  |c 1989 
600 0 |a Jesús  |9 313614 
650 0 |a Iglesia   |9 255004 
650 0 |a Profetas  |9 314377 
583 |a last modification  |c 19940712 00:00:00  |k Rodrigo Vera 
490 0 |a En Torno al Nuevo Testamento, 5 
999 |c 229188  |d 229186 
952 |0 0  |1 0  |4 0  |6 224_000000000000000_SIC_1989  |7 0  |8 A  |9 229965  |a BIBTEO  |b BIBTEO  |d 2019-11-15  |i 2991500  |o 224 SIC 1989  |p 2991500  |r 2025-01-17  |w 2019-11-15  |y BK  |k ICR